000 00829nam a22002297a 4500
999 _c4869
_d4869
003 AR-CdUCM
008 190311b ||||| |||| 00| 0 spa d
040 _aMUNICIPALIDAD PROVINCIAL DEL CUSCO
_cBIBLIOTECA MUNICIPAL DEL CUSCO
041 _heng.
082 _a414.8 /
_bM25
100 _aMalmberg, Bertil
_914976
245 _aLa fonética /
260 _aBuenos Aires :
_bEUDEBA,
_c1964.
300 _a127 paginas ;
_c19 cm.
500 _aDonación familia Nieto
505 _aContenido :Fonética acústica --Fonética fisiológica --Tipos articulatorios --Las vocales --Las consonantes --La clasificación de los sonidos del lenguaje --Fonética combinatoria...
650 _aFonética.
_911261
650 _aFonología
_910735
700 _aGabriel G. Bes (traductor)
_914977
942 _2ddc
_cLIBROS
945 _arjall